| 000 | 00548nam a2200181Ia 4500 | ||
|---|---|---|---|
| 005 | 20250508162830.0 | ||
| 008 | 008 250505s9999 xx 000 0 eng d | ||
| 037 | _aReference | ||
| 040 |
_aFEDL _beng _cFEDL |
||
| 041 |
_aeng _2eng |
||
| 084 |
_a371.95, FRE _qFEDL |
||
| 100 |
_aFreeman Joan Ed. _9774141 |
||
| 245 | 0 | _aPsychology of gifted children: Perspectives on development and education | |
| 260 |
_aChichester _bJohn Wiley and Sons _c1985 |
||
| 300 | _axii,414p. | ||
| 942 |
_cREF _h371.95, FRE |
||
| 999 |
_c1378937 _d1378937 |
||